|
|
|
|
| LEADER |
00727nam a22002051a 4500 |
| 020 |
|
|
|a 9788121402996
|
| 082 |
|
|
|a H3
|b GOV/H
|
| 100 |
|
|
|a Govind Mishra
|9 157912
|
| 245 |
|
|
|a Huzoor durbar/
|c by Govind Mishra.
|
| 250 |
|
|
|a 2nd.ed
|
| 260 |
|
|
|a New Delhi:
|b National,
|c 1979.
|
| 300 |
|
|
|a 335p.
|
| 650 |
|
|
|a Novel Hindi
|9 157913
|
| 650 |
|
|
|a Literature Hindi
|9 157914
|
| 650 |
|
|
|a Literature
|9 157915
|
| 942 |
|
|
|c BK
|
| 942 |
|
|
|c BK
|
| 999 |
|
|
|c 18877
|d 18877
|
| 952 |
|
|
|0 0
|1 0
|4 0
|6 H_3_000000000000000_GOV_H
|7 0
|9 26620
|a SSUS
|b SSUS
|d 2015-01-08
|g 80.00
|o H3 GOV/H
|p 011076
|r 2015-01-08
|v 0.00
|w 2015-01-08
|y BK
|
| 952 |
|
|
|0 0
|1 0
|4 0
|6 H_3_000000000000000_GOV_H
|7 0
|9 26621
|a SSUS
|b SSUS
|d 2015-01-08
|g 80.00
|o H3 GOV/H
|p 038929
|r 2015-01-08
|v 0.00
|w 2015-01-08
|y BK
|